| 000 | 00747nam a22001935i 4500 | ||
|---|---|---|---|
| 001 | 158028 | ||
| 003 | ES-MaACL | ||
| 005 | 20250907063119.0 | ||
| 008 | 990602m18981909sp af |||| | spa d | ||
| 040 |
_aCCPB | B _bspa _cCCPB | B |
||
| 100 | 1 |
_aLópez Ferreiro, Antonio, _d1837-1910 _973640 |
|
| 245 | 1 | 0 |
_aHistoria de la Santa A.M. Iglesia de Santiago de Compostela / _cpor Antonio López Ferreiro. |
| 260 |
_aSantiago : _b[s.n.], _c1898-1909 ( _fImp. y enc. del Seminario Conciliar Central) |
||
| 300 |
_a11 v. ; _c25 cm. |
||
| 610 | 0 | 4 |
_aCatedral de Santiago de Compostela. _92524 |
| 651 | 4 |
_aSantiago de Compostela- _xHistoria eclesiástica. _9155823 |
|
| 852 |
_aES-MaACL _jF-132-42 _z-- Pasta española |
||
| 999 |
_c158028 _d158028 |
||